000 00488nam a22001937a 4500
003 MPLRDC
005 20220104123649.0
008 210129b ||||| |||| 00| 0 eng d
020 _a957-9343-08-X
082 _a397.483 ZTJ v.2
100 _a张天钧
245 _a荷尔蒙与疾病. 二
_c
250 _a一版三刷
260 _a
_b健康世界杂志社
_c1993
300 _b
490 _a健康世界丛书. 41
650 _a人体生理学
942 _cBK
_o397.483 ZTJ v.2
999 _c13204
_d13194